A new domesday book (Record no. 76505)
[ view plain ]
| 000 -LEADER | |
|---|---|
| fixed length control field | 00940cab a2200181 4500 |
| 001 - CONTROL NUMBER | |
| control field | ##L132585 |
| 008 - FIXED-LENGTH DATA ELEMENTS--GENERAL INFORMATION | |
| fixed length control field | 060220n2006 000 0 eng u |
| 035 ## - SYSTEM CONTROL NUMBER | |
| System control number | (Sirsi) u132582 |
| 041 0# - LANGUAGE CODE | |
| Language code of text/sound track or separate title | eng |
| 100 1# - MAIN ENTRY--PERSONAL NAME | |
| Personal name | Roberts, Gwyn |
| 245 02 - TITLE STATEMENT | |
| Title | A new domesday book |
| 260 ## - PUBLICATION, DISTRIBUTION, ETC. | |
| Date of publication, distribution, etc. | 2006 |
| 490 #0 - SERIES STATEMENT | |
| Series statement | Property Week |
| Volume/sequential designation | 71(7) 17 February 2006, 48-50(3) |
| 520 ## - SUMMARY, ETC. | |
| Summary, etc. | A government taskforce is set to draw up a list of surplus public sector land to sell off for private residential development. Those behind the scheme argue that the process will increase the availability of housing land. However, housebuilders are suspicious of these government initiatives, claiming that identified land, stuck in a slow moving pipeline, will never be released, and that a refreshed register will not guarantee a larger housing supply. |
| 590 ## - LOCAL NOTE (RLIN) | |
| Local note | IKA280206 |
| 690 ## - LOCAL SUBJECT ADDED ENTRY--TOPICAL TERM (OCLC, RLIN) | |
| Topical term or geographic name as entry element | ENVIRONMENTAL AND LAND CONSULTANCY-PLANNING AND DEVELOPMENT-PLANNING REFORM |
| 942 ## - ADDED ENTRY ELEMENTS (KOHA) | |
| Suppress in OPAC | 0 |
| Withdrawn status | Lost status | Source of classification or shelving scheme | Damaged status | Not for loan | Home library | Current library | Shelving location | Date acquired | Total Checkouts | Full call number | Barcode | Date last seen | Copy number | Price effective from | Koha item type |
|---|---|---|---|---|---|---|---|---|---|---|---|---|---|---|---|
| Dewey Decimal Classification | London | London | Journal article | 21/02/2006 | L132582 | 132582-2001 | 06/08/2019 | 1 | 06/08/2019 | Journal article |